Normal view
MARC view
Entry Personal Name
001 - CONTROL NUMBER
- control field: 460
003 - CONTROL NUMBER IDENTIFIER
- control field: ARRUPE
005 - DATE AND TIME OF LATEST TRANSACTION
- control field: 20130918113459.0
008 - FIXED-LENGTH DATA ELEMENTS
- fixed length control field: 130918|| aca||aabn | a|a d
040 ## - CATALOGING SOURCE
- Original cataloging agency: ARRUPE
- Transcribing agency: ARRUPE
100 ## - HEADING--PERSONAL NAME
- Personal name: Benjamin, Walter,
- Dates associated with a name: 1892-1940
- General subdivision: Political and social views.
670 ## - SOURCE DATA FOUND
- Source citation: Work cat.: (ARRUPE)0: Buck-Morss, Susan. 456, The dialectics of seeing :, c1989.